Discrete Mathematical Structures with Applications to computer science (Record no. 3670)

MARC details
000 -LEADER
fixed length control field 00377nam a2200145Ia 4500
008 - FIXED-LENGTH DATA ELEMENTS--GENERAL INFORMATION
fixed length control field 191201s2008 xx 000 0 und d
082 ## - DEWEY DECIMAL CLASSIFICATION NUMBER
Classification number 510
Item number FAS
100 ## - MAIN ENTRY--PERSONAL NAME
Personal name Tremblay, Jean-Paul
245 #0 - TITLE STATEMENT
Title Discrete Mathematical Structures with Applications to computer science
250 ## - EDITION STATEMENT
Edition statement Rep.
260 ## - PUBLICATION, DISTRIBUTION, ETC. (IMPRINT)
Place of publication, distribution, etc N.Delhi
Name of publisher, distributor, etc TMH
Date of publication, distribution, etc 2008
300 ## - PHYSICAL DESCRIPTION
Extent 606
650 ## - SUBJECT ADDED ENTRY--TOPICAL TERM
Topical term or geographic name as entry element MCA
942 ## - ADDED ENTRY ELEMENTS (KOHA)
Source of classification or shelving scheme Dewey Decimal Classification
Koha item type Text Books
942 ## - ADDED ENTRY ELEMENTS (KOHA)
-- 5
Holdings
Withdrawn status Lost status Source of classification or shelving scheme Damaged status Not for loan Collection code Home library Current library Date acquired Source of acquisition Cost, normal purchase price Bill Number Total Checkouts Full call number Acc. no. / Barcode Date last seen Date last borrowed Bill Date Koha item type
    Dewey Decimal Classification     MCA PIET C-LIBRARY PIET C-LIBRARY 22/12/2008 J B C, New Delhi 299.00 SI-4643 1 510 TRD 10532 23/06/2022 09/06/2022 11/12/2008 Text Books
    Dewey Decimal Classification     MCA PIET C-LIBRARY PIET C-LIBRARY 22/12/2008 J B C, New Delhi 299.00 SI-4643 2 510 TRD 10533 08/06/2023 30/05/2023 11/12/2008 Text Books
    Dewey Decimal Classification     Computer Science & Engineering in Cyber Security PIET C-LIBRARY PIET C-LIBRARY 22/12/2008 J B C, New Delhi 299.00 SI-4643 3 510 TRD 10534 27/04/2026 14/04/2026 11/12/2008 Text Books
    Dewey Decimal Classification     Computer Science & Engineering in Cyber Security PIET C-LIBRARY PIET C-LIBRARY 22/12/2008 J B C, New Delhi 299.00 SI-4643 2 510 TRD 10535 16/03/2026 24/02/2026 11/12/2008 Text Books
    Dewey Decimal Classification     Computer Science & Engineering in Cyber Security PIET C-LIBRARY PIET C-LIBRARY 22/12/2008 J B C, New Delhi 299.00 SI-4643 2 510 TRD 10536 14/04/2026 31/03/2026 11/12/2008 Text Books

Design & Developed by: PIET Central Library
R70 Miles Stone Pattikalyana Samalkha Panipat 132102
mail ID :- [email protected], Phone No:- 0180-2569700 Ex.216